000 00510nam a22001697a 4500
082 _aP-833
_cSyn-34
100 _aMujahid Tufail ,Rao
_951548
245 _aStudy of waste glass powder as partial replacement of cement in concrete
260 _aRisalpur,
_bMCE,
_c2019.
300 _a65p.
_bill.
_c30cm.
526 _a0
_b0
_c0
_dP_833
700 _aDr. Muhammad Shahid Siddique
700 _aIzaz Ur Rehman
_951549
700 _aSana Ullah
_951550
700 _aTalah Shehzad Malik
_951551
942 _2ddc
_cBK
999 _c554232
_d554232